Responses for Show #7899 - Thursday, January 3, 2019

Contestants

[<< previous game]

Cade Varnado, an English instructor from Richmond, Virginia

Chrissy Bellizzi, a librarian from St. Louis, Missouri

Jonathan Dinerstein, a composer from Los Angeles, California (whose 2-day cash winnings total $40,501)

[next game >>]

Jeopardy! Round responses

HOW TO PLAY QUIDDITCH
AMERICAN HISTORY
CROSSWORD CLUES "D"
GETTING SQUIRRELLY
MONDAY NIGHT NON-FOOTBALL TV
WHAT'S THAT SMELL?
    $200 1
a broom

Jonathan
    $200 20
Abraham Lincoln

Chrissy
    $200 4
a dwarf

Chrissy
    $200 22
rodents

Jonathan
    $200 30
Will Smith

Chrissy
    $200 27
skunk

Chrissy
    $400 2
yellow

Jonathan
    $400 19
Maryland

Chrissy
    $400 5
derail

Jonathan
    $400 23
hibernation

Chrissy
    $400 29
9-1-1

Cade
    $400 8
new car smell

Cade
    $600 21
(Cade: What is a Bludger?)

a Chaser

JonathanCade
    $1,000 9
Aaron Burr

Cade
    $600 3
dazed

Chrissy
    $600 24
acorns

Chrissy
    $600 16
The Andy Griffith Show

Cade
    $600 7
compost

Chrissy
    $800 12
(Chrissy: What is a Quaffle?)
(Cade: What is a soccer ball?)

a dodgeball

ChrissyCade
Triple Stumper
    $800 10
Camp David

Jonathan
    $800 6
diploma

Jonathan
    $800 25
(Alex: With less than a minute.)

a chipmunk

Jonathan
    $800 17
Deal or No Deal

Triple Stumper
    $800 15
Yankee candles

Cade
    $1000 13
the Seeker

Jonathan
    $1000 11
(Henry) Ford

Cade
    $1000 14
domesticated

Jonathan
    $1000 28
(Cade: What is ultraviolet light?)

infrared

JonathanCade
    $1000 18
ALF

Jonathan
    $1000 26
Jamaica

Chrissy

Scores at the first commercial break (after clue 15):

Jonathan Chrissy Cade
$4,600 $600 $2,400

Scores at the end of the Jeopardy! Round:

Jonathan Chrissy Cade
$8,200 $3,600 $1,800

Double Jeopardy! Round responses

CITY FLAGS
THAT BOOK IS MAKING ME SICK
ACRONYMS
ARCHITECTURE
EXTRAORDINARY RENDITIONS
BRAND OF "BROTHERS"
    $400 27
Turin

Cade
    $400 8
The Stand

Cade
    $400 12
immunodeficiency

Cade
    $400 16
Woodstock

Chrissy
    $400 25
the Warner Brothers

Chrissy
    $800 26
(Jonathan: What is the Alamo?)
(Cade: What is Austin, Texas?)

San Antonio

JonathanCade
Triple Stumper
    $800 7
The Hot Zone

Chrissy
    $800 28
[The end-of-round signal sounds.]

young urban professionals

Chrissy
    $800 17
"Somewhere Over The Rainbow"

Cade
    $800 24
Parker Brothers

Chrissy
    $2,000 4
(Alex: You noticed the fleur-de-lis.)

St. Louis

Cade
    $1200 1
Nausea

Cade
    $1200 13
absent without leave

Jonathan
    $1200 9
Istanbul

Jonathan
    $1200 21
"I Heard It Through The Grapevine"

Chrissy
    $1200 20
the Property Brothers

Jonathan
    $1600 5
Chicago

Chrissy
    $1600 2
plague

Chrissy
    $3,000 14
technology

Jonathan
    $1600 10
a window

Triple Stumper
    $1600 22
(Jimi) Hendrix

Jonathan
    $1600 18
Hills Bros.

Triple Stumper
    $2000 6
Toronto

Cade
    $2000 3
Love in the Time of Cholera

Cade
    $2000 15
(Chrissy: What are artists--or artists, songwriters and composers?)

composers, authors and publishers

JonathanChrissy
    $2000 11
Brutalism

Jonathan
    $2000 23
(Alex: Less than a minute now.)

"My Country, 'Tis Of Thee"

Chrissy
    $2000 19
Lehman Brothers

Jonathan

Scores at the end of the Double Jeopardy! Round:

Jonathan Chrissy Cade
$21,600 $11,200 $10,200

[wagering suggestions for these scores]

Final Jeopardy! Round responses

1940s HISTORY
CadeWhat is the Berlin air drop?
$10,000
ChrissyWhat is the Blitzkrieg?
$5,000
JonathanWhat is the Berlin air lift?
$801
the Berlin airlift (or Berlin air drop)

Final scores:

Jonathan Chrissy Cade
$22,401 $6,200 $20,200
3-day champion: $62,902 3rd place: $1,000 2nd place: $2,000

Game dynamics:

Coryat scores:

Jonathan Chrissy Cade
$20,200 $11,200 $9,000
20 R
(including 1 DD),
1 W
19 R,
2 W
14 R
(including 2 DDs),
4 W

Combined Coryat: $40,400

[game clues] [game scores] [suggest correction]

Game tape date: 2018-11-13
The J! Archive is created by fans, for fans. Scraping, republication, monetization, and malicious use prohibited; this site may use cookies and collect identifying information. See terms. The Jeopardy! game show and all elements thereof, including but not limited to copyright and trademark thereto, are the property of Jeopardy Productions, Inc. and are protected under law. This website is not affiliated with, sponsored by, or operated by Jeopardy Productions, Inc. Join the discussion at JBoard.tv.